[Event "Aurora Spring op"]
[White "Cormier, Adam"]
[Black "Ning, Eric"]
[Site "Aurora"]
[Round "4.7"]
[Result "1-0"]
[Date "2018.03.25"]
[WhiteElo "2009"]
[BlackElo "1832"]
[PlyCount "131"]
[EventDate "2018.03.24"]
[EventType "swiss"]
[EventRounds "5"]
[EventCountry "CAN"]
[SourceTitle "EXT 2022"]
[Source "ChessBase"]
[SourceDate "2021.10.06"]
[SourceVersion "1"]
[SourceVersionDate "2021.10.06"]
[SourceQuality "1"]

1. d4 Nf6 2. c4 g6 3. g3 Bg7 4. Bg2 d5 5. cxd5 Nxd5 6. Nc3 Nxc3 7. bxc3 c5 8. e3 Qa5 9. Bd2 Nc6 10. Ne2 0-0 11. 0-0 Rd8 12. Qc2 Qa6 13. Rfe1 e5 14. d5 Na5 15. e4 Nc4 16. Bg5 f6 17. Bc1 Bd7 18. Bf1 Ba4 19. Qd3 b5 20. a3 Bf8 21. g4 Nd6 22. Ng3 g5 23. Nh5 Ne8 24. h4 h6 25. Qf3 Rd6 26. Qf5 Qb7 27. Be3 Rc8 28. Rab1 a6 29. c4 Rb6 30. Rec1 Ng7 31. Nxg7 Kxg7 32. h5 Kh8 33. cxb5 axb5 34. Rc3 Rc7 35. Rbc1 Qc8 36. Qxc8 Rxc8 37. Bxc5 Rxc5 38. Rxc5 Bxc5 39. Rxc5 b4 40. axb4 Rxb4 41. Bc4 Rb6 42. Rc7 Rd6 43. f3 Rd7 44. Rc8+ Kg7 45. Ra8 Bc2 46. Bb5 Rd6 47. Ra7+ Kg8 48. Bd7 Bd3 49. Be6+ Kh8 50. Ra3 Bb5 51. Rb3 Ba6 52. Rb8+ Kg7 53. Rg8+ Kh7 54. Rf8 Rb6 55. Rxf6 Rb1+ 56. Kf2 Rb2+ 57. Ke1 Bc4 58. Bf5+ Kg7 59. Rg6+ Kf7 60. Rxh6 Rb3 61. Rc6 Bb5 62. Rc7+ Kf8 63. h6 Rxf3 64. h7 Rh3 65. Bg6 Be8 66. Bxe8 1-0

[Event "Aurora Spring op"]
[White "Kang, Dorian"]
[Black "Cormier, Adam"]
[Site "Aurora"]
[Round "5.4"]
[Result "1/2-1/2"]
[Date "2018.03.25"]
[WhiteElo "1883"]
[BlackElo "2009"]
[PlyCount "71"]
[EventDate "2018.03.24"]
[EventType "swiss"]
[EventRounds "5"]
[EventCountry "CAN"]
[SourceTitle "EXT 2022"]
[Source "ChessBase"]
[SourceDate "2021.10.06"]
[SourceVersion "1"]
[SourceVersionDate "2021.10.06"]
[SourceQuality "1"]

1. c4 c5 2. Nc3 Nc6 3. e3 Nf6 4. d4 cxd4 5. exd4 d5 6. Nf3 g6 7. cxd5 Nxd5 8. Bc4 Nxc3 9. bxc3 Bg7 10. 0-0 0-0 11. Bf4 Bg4 12. h3 Bxf3 13. Qxf3 Rc8 14. Bb3 b5 15. Rad1 Na5 16. Rfe1 Nc4 17. Bg5 f6 18. Bf4 Qd7 19. Qe2 Kf7 20. Bc1 e6 21. Ba3 Rfe8 22. Bc5 Nb6 23. Bxb6 axb6 24. Qd3 Kf8 25. Qe3 Rc6 26. c4 f5 27. cxb5 Rd6 28. d5 exd5 29. Qxe8+ Qxe8 30. Rxe8+ Kxe8 31. Bxd5 Kd7 32. Bc6+ Ke7 33. Rb1 Rd2 34. Re1+ Kd6 35. a3 Bd4 36. Rf1 1/2-1/2

[Event "Aurora Spring op"]
[White "Cormier, Adam"]
[Black "Hambleton, Aman"]
[Site "Aurora"]
[Round "2.1"]
[Result "0-1"]
[Date "2018.03.24"]
[WhiteElo "2009"]
[BlackElo "2501"]
[PlyCount "90"]
[EventDate "2018.03.24"]
[EventType "swiss"]
[EventRounds "5"]
[EventCountry "CAN"]
[SourceTitle "EXT 2022"]
[Source "ChessBase"]
[SourceDate "2021.10.06"]
[SourceVersion "1"]
[SourceVersionDate "2021.10.06"]
[SourceQuality "1"]

1. d4 Nf6 2. c4 e6 3. g3 c5 4. d5 exd5 5. cxd5 d6 6. Nc3 g6 7. Bg2 Bg7 8. Nf3 0-0 9. 0-0 Nbd7 10. Qd3 a6 11. a4 Ng4 12. h3 Nge5 13. Nxe5 Nxe5 14. Qc2 f5 15. e4 fxe4 16. Nxe4 Nf3+ 17. Kh1 Nd4 18. Qd1 Bf5 19. Bf4 Qd7 20. Kh2 Bxe4 21. Bxe4 Rxf4 22. gxf4 Rf8 23. Qg4 Qe7 24. Rae1 Rxf4 25. Qxf4 Be5 26. Qxe5 Qxe5+ 27. f4 Qf6 28. Rf2 b5 29. Rg1 Kf7 30. axb5 axb5 31. Ra1 Kg7 32. Kg3 Qe7 33. Re1 c4 34. Rff1 Qf6 35. h4 h5 36. Rg1 Nf5+ 37. Bxf5 Qxf5 38. Kf3 Qxd5+ 39. Re4 Kf6 40. Rg5 Qd3+ 41. Re3 Qf1+ 42. Kg3 b4 43. f5 gxf5 44. Rf3 Qg1+ 45. Kh3 Qg4+ 0-1

[Event "Toronto Remember Active"]
[White "Bareev, Evgeny"]
[Black "Cormier, Adam"]
[Site "Toronto"]
[Round "1.1"]
[Result "1-0"]
[Date "2016.09.25"]
[WhiteElo "2708"]
[BlackElo "2200"]
[PlyCount "63"]
[EventDate "2016.09.25"]
[EventType "swiss"]
[EventRounds "5"]
[EventCountry "CAN"]
[SourceTitle "EXT 2022"]
[Source "ChessBase"]
[SourceDate "2021.10.06"]
[SourceVersion "1"]
[SourceVersionDate "2021.10.06"]
[SourceQuality "1"]

1. g3 g6 2. Bg2 Bg7 3. d4 d5 4. Nf3 Nf6 5. 0-0 0-0 6. c4 c6 7. Qb3 a5 8. cxd5 cxd5 9. Nc3 Nc6 10. e3 e6 11. Rd1 Qe7 12. Bd2 Bd7 13. Be1 a4 14. Nxa4 Na5 15. Bxa5 Rxa5 16. Nc5 Bc6 17. Ne5 Rb5 18. Qc3 Ra8 19. b4 Be8 20. a4 Rb6 21. Qb3 Ne4 22. Bxe4 Bxe5 23. a5 dxe4 24. axb6 Rxa1 25. Rxa1 Bd6 26. Ra8 Kg7 27. Qc3 e5 28. d5 Bb5 29. Nxe4 Bxb4 30. Qc7 f5 31. d6 Qd7 32. Rd8 1-0

[Event "Toronto Remember Active"]
[White "Samsonkin, Artiom"]
[Black "Cormier, Adam"]
[Site "Toronto"]
[Round "5.5"]
[Result "1-0"]
[Date "2016.09.25"]
[WhiteElo "2557"]
[BlackElo "2200"]
[PlyCount "75"]
[EventDate "2016.09.25"]
[EventType "swiss"]
[EventRounds "5"]
[EventCountry "CAN"]
[SourceTitle "EXT 2022"]
[Source "ChessBase"]
[SourceDate "2021.10.06"]
[SourceVersion "1"]
[SourceVersionDate "2021.10.06"]
[SourceQuality "1"]

1. e4 c5 2. Nf3 d6 3. d4 cxd4 4. Qxd4 Nc6 5. Bb5 Bd7 6. Bxc6 bxc6 7. 0-0 e5 8. Qd3 Qc7 9. c4 Ne7 10. Nc3 Ng6 11. Be3 Be7 12. Rfd1 Rd8 13. Ne2 0-0 14. Ng3 Bg4 15. Nf5 Rfe8 16. Kh1 Bf8 17. Qc2 Nf4 18. Rd2 g6 19. Bxf4 exf4 20. N5d4 Bg7 21. h3 Bc8 22. Rad1 Bb7 23. c5 dxc5 24. Nb3 Rxd2 25. Rxd2 c4 26. Nc5 Bc8 27. Qxc4 Qb6 28. Ng5 Rf8 29. b4 h6 30. Nf3 a5 31. bxa5 Qxa5 32. Rd6 Qb6 33. Rxg6 Kh7 34. Rd6 Rd8 35. e5 Rf8 36. Kh2 Be6 37. Qc2+ Kg8 38. Nxe6 1-0

[Event "CAN-ch Amateur"]
[White "Cormier, Adam"]
[Black "Jung, Hans Rudolf"]
[Site "Kitchener"]
[Round "5"]
[Result "1/2-1/2"]
[Date "2015.08.03"]
[WhiteElo "2173"]
[BlackElo "2261"]
[PlyCount "59"]
[EventDate "2015.07.31"]
[EventType "tourn"]
[EventRounds "6"]
[EventCountry "CAN"]
[SourceTitle "EXT 2019"]
[Source "ChessBase"]
[SourceDate "2018.10.10"]
[SourceVersion "1"]
[SourceVersionDate "2018.10.10"]
[SourceQuality "1"]

1. d4 d5 2. c4 Nc6 3. Nc3 Nf6 4. cxd5 Nxd5 5. Nf3 Bg4 6. e4 Bxf3 7. gxf3 Nxc3 8. bxc3 a6 9. d5 Ne5 10. f4 Nd7 11. Be3 Qc8 12. Bh3 c6 13. Qb3 cxd5 14. Rd1 Qc7 15. 0-0 b5 16. a4 Rb8 17. axb5 axb5 18. Rxd5 e6 19. Rxb5 Rxb5 20. Qxb5 Bc5 21. Rd1 Bxe3 22. fxe3 h6 23. e5 Ke7 24. Bg2 Rc8 25. Rd6 Qa7 26. Kf2 Qa2+ 27. Kg3 Qa7 28. Kf2 Qa2+ 29. Kg3 Qa7 30. Kf2 1/2-1/2

[Event "Aurora Spring op"]
[White "Tonakanian, Stephan"]
[Black "Cormier, Adam"]
[Site "Aurora "]
[Round "5.3"]
[Result "1-0"]
[Date "2015.03.15"]
[WhiteElo "1932"]
[BlackElo "1981"]
[PlyCount "79"]
[EventDate "2015.03.14"]
[EventType "swiss"]
[EventRounds "5"]
[EventCountry "CAN"]
[SourceTitle "EXT 2019"]
[Source "ChessBase"]
[SourceDate "2018.10.10"]
[SourceVersion "1"]
[SourceVersionDate "2018.10.10"]
[SourceQuality "1"]

1. d4 d5 2. Nf3 c6 3. c4 e6 4. Nc3 dxc4 5. a4 Bb4 6. g3 b5 7. Bd2 a5 8. Bg2 Bb7 9. 0-0 Bxc3 10. bxc3 Nd7 11. Ng5 Qb6 12. Ne4 Ke7 13. Bf4 Ngf6 14. Bd6+ Ke8 15. Bc5 Nxc5 16. dxc5 Qc7 17. Nd6+ Kf8 18. axb5 Nd5 19. b6 Qe7 20. Qd2 g6 21. e4 Nf6 22. Qh6+ Kg8 23. Ra4 Ng4 24. Qf4 h5 25. e5 Nh6 26. Rfa1 Kh7 27. Qxc4 Nf5 28. Rxa5 Nxd6 29. exd6 Qd7 30. Ra7 Kg7 31. Qd4+ f6 32. Bf1 Rxa7 33. bxa7 Ra8 34. Qb4 Kf7 35. Qb6 Ke8 36. Ba6 Bxa6 37. Rxa6 Qc8 38. Kg2 Kd7 39. Ra1 Ke8 40. Rb1 1-0

[Event "Aurora Spring op"]
[White "Cormier, Adam"]
[Black "Zotkin, Daniel"]
[Site "Aurora "]
[Round "1.10"]
[Result "1-0"]
[Date "2015.03.14"]
[WhiteElo "2167"]
[BlackElo "1949"]
[PlyCount "135"]
[EventDate "2015.03.14"]
[EventType "swiss"]
[EventRounds "5"]
[EventCountry "CAN"]
[SourceTitle "EXT 2019"]
[Source "ChessBase"]
[SourceDate "2018.10.10"]
[SourceVersion "1"]
[SourceVersionDate "2018.10.10"]
[SourceQuality "1"]

1. d4 f5 2. c4 e6 3. Nf3 Nf6 4. g3 d5 5. Bg2 c6 6. b3 Bd6 7. 0-0 0-0 8. Ba3 Bxa3 9. Nxa3 Qe7 10. Nc2 Nbd7 11. Nce1 Ne4 12. Nd3 b6 13. Nfe5 Bb7 14. Nxd7 Qxd7 15. c5 Ba6 16. Ne5 Qc7 17. Rc1 Bb7 18. Bxe4 dxe4 19. Nc4 Rad8 20. Nd6 Rxd6 21. cxd6 Qxd6 22. e3 Ba6 23. Re1 Qd5 24. Rc3 Rd8 25. Qc1 Bb7 26. Qa3 a6 27. Qe7 Qd7 28. Qxd7 Rxd7 29. Rec1 Rd6 30. b4 b5 31. a4 bxa4 32. Ra1 Kf7 33. Rxa4 Kf6 34. Ra5 h6 35. Kf1 Kg5 36. h3 h5 37. h4+ Kg4 38. Ke2 g5 39. hxg5 Kxg5 40. Rc1 Kg4 41. Rh1 Rd8 42. Rh4+ Kg5 43. Kd2 Rd5 44. Kc3 Rb5 45. Kc4 Kg6 46. Rxb5 cxb5+ 47. Kc5 Bd5 48. Kb6 Kg5 49. Kxa6 Bc4 50. Kb6 Bd3 51. Kc5 Bc4 52. Rf4 Be2 53. d5 exd5 54. Kxd5 Bd1 55. Rh4 Be2 56. Kc5 Bc4 57. Rh1 Kg4 58. Kd4 Bd3 59. Ke5 Kg5 60. Kd4 Kg4 61. Rh4+ Kg5 62. f3 Bc2 63. f4+ Kg6 64. Rh2 Bb3 65. Rb2 Bc4 66. Rc2 Bd3 67. Rc6+ Kg7 68. Ke5 1-0

[Event "Aurora Fall op"]
[White "Cormier, Adam"]
[Black "Yu, Wenlu"]
[Site "Aurora"]
[Round "4"]
[Result "0-1"]
[Date "2014.10.05"]
[WhiteElo "2044"]
[BlackElo "1783"]
[PlyCount "68"]
[EventDate "2014.10.04"]
[EventType "swiss"]
[EventRounds "5"]
[EventCountry "CAN"]
[SourceTitle "CBM 162 Extra"]
[Source "ChessBase"]
[SourceDate "2014.10.17"]
[SourceVersion "1"]
[SourceVersionDate "2014.10.17"]
[SourceQuality "1"]

1. d4 Nf6 2. c4 e6 3. g3 d5 4. Nf3 c6 5. Nbd2 Bd6 6. Bg2 0-0 7. 0-0 Nbd7 8. Qc2 b6 9. e4 Be7 10. Rd1 Bb7 11. e5 Ne8 12. cxd5 cxd5 13. Nf1 f6 14. exf6 Bxf6 15. Bf4 Qe7 16. Re1 g5 17. Be5 Nxe5 18. Nxe5 Nd6 19. Nd2 Nf5 20. Qd3 a5 21. Ndf3 Ba6 22. Qd2 Nd6 23. Nc6 Qg7 24. Rxe6 Ne4 25. Qe3 Bc8 26. Rxe4 dxe4 27. Qxe4 Bb7 28. Nfe5 Rae8 29. f4 gxf4 30. gxf4 Kh8 31. Kh1 Bxe5 32. fxe5 Rf2 33. Rg1 Rg8 34. Qd5 Qxg2+ 0-1

[Event "Aurora Fall op"]
[White "Cormier, Adam"]
[Black "Song, Michael"]
[Site "Aurora"]
[Round "2"]
[Result "0-1"]
[Date "2014.10.04"]
[WhiteElo "2044"]
[BlackElo "2181"]
[PlyCount "58"]
[EventDate "2014.10.04"]
[EventType "swiss"]
[EventRounds "5"]
[EventCountry "CAN"]
[SourceTitle "CBM 162 Extra"]
[Source "ChessBase"]
[SourceDate "2014.10.17"]
[SourceVersion "1"]
[SourceVersionDate "2014.10.17"]
[SourceQuality "1"]

1. d4 e6 2. c4 f5 3. Nf3 Nf6 4. g3 Be7 5. Bg2 0-0 6. 0-0 d6 7. Nc3 Ne4 8. Qc2 Nxc3 9. Qxc3 Bf6 10. Rd1 Qe7 11. h4 h6 12. b4 e5 13. dxe5 dxe5 14. Bb2 Nc6 15. Qb3 Be6 16. b5 Na5 17. Qa3 Qxa3 18. Bxa3 Rfd8 19. Nd2 e4 20. Rac1 Nxc4 21. Nxc4 Rxd1+ 22. Rxd1 Bxc4 23. Rd7 Bxb5 24. Rxc7 Bc6 25. Bh3 Bd8 26. Rxc6 bxc6 27. Bxf5 e3 28. fxe3 Bb6 29. Kf2 Re8 0-1

[Event "Aurora Fall op"]
[White "Zotkin, Daniel"]
[Black "Cormier, Adam"]
[Site "Aurora"]
[Round "1"]
[Result "0-1"]
[Date "2014.10.04"]
[WhiteElo "1841"]
[BlackElo "2044"]
[PlyCount "100"]
[EventDate "2014.10.04"]
[EventType "swiss"]
[EventRounds "5"]
[EventCountry "CAN"]
[SourceTitle "CBM 162 Extra"]
[Source "ChessBase"]
[SourceDate "2014.10.17"]
[SourceVersion "1"]
[SourceVersionDate "2014.10.17"]
[SourceQuality "1"]

1. e4 c5 2. Nf3 d6 3. Bb5+ Nd7 4. 0-0 a6 5. Bxd7+ Bxd7 6. c3 Nf6 7. Re1 g6 8. d4 cxd4 9. cxd4 Bg7 10. Nc3 0-0 11. e5 Ne8 12. Bg5 dxe5 13. dxe5 h6 14. Bh4 g5 15. Nxg5 hxg5 16. Bxg5 Nc7 17. Re3 Bf5 18. Qf3 Qd7 19. Bxe7 Qxe7 20. Qxf5 Rfe8 21. Rae1 Qe6 22. Qf4 Qh6 23. Qf5 Rad8 24. h3 Nd5 25. Rg3 Nxc3 26. bxc3 Re6 27. Re4 Rg6 28. Rf4 Rf8 29. Rxg6 fxg6 30. Qe6+ Kh8 31. Rb4 b5 32. Rg4 g5 33. Qe7 Qb6 34. Qxg5 Qxf2+ 35. Kh2 Qf7 36. e6 Qf6 37. e7 Qe5+ 38. Qxe5 Bxe5+ 39. Kg1 Re8 40. Rg6 a5 41. Rc6 Rxe7 42. Kf2 Rc7 43. Rxc7 Bxc7 44. Ke3 Be5 45. Kd3 Kg7 46. c4 b4 47. c5 a4 48. c6 Kf7 49. g4 Ke7 50. Kc2 Bf6 0-1

[Event "North American-ch U20"]
[White "Pamatmat, Jarod John Munda"]
[Black "Cormier, Adam"]
[Site "Kitchener"]
[Round "7.10"]
[Result "1/2-1/2"]
[Date "2014.08.03"]
[WhiteElo "2120"]
[BlackElo "2019"]
[PlyCount "84"]
[EventDate "2014.07.31"]
[EventType "swiss"]
[EventRounds "9"]
[EventCountry "CAN"]
[SourceTitle "EXT 2022"]
[Source "ChessBase"]
[SourceDate "2021.10.06"]
[SourceVersion "1"]
[SourceVersionDate "2021.10.06"]
[SourceQuality "1"]

1. d4 d5 2. c4 e6 3. Nf3 c6 4. Nbd2 Nf6 5. e3 c5 6. b3 Nc6 7. Bb2 cxd4 8. exd4 Bd6 9. Bd3 0-0 10. 0-0 b6 11. Rc1 Bb7 12. Qe2 Re8 13. Rfd1 Rc8 14. Ne5 Qe7 15. Ndf3 Ne4 16. cxd5 exd5 17. Bb5 Bxe5 18. dxe5 Red8 19. Bxc6 Bxc6 20. Nd4 Bb7 21. f3 Nc5 22. Qe3 h6 23. Re1 Ba6 24. Rcd1 Ne6 25. Nf5 Qc5 26. Bd4 Nxd4 27. Rxd4 Kh7 28. Nd6 Rc7 29. b4 Qc2 30. b5 Bb7 31. Rd2 Qc5 32. Rd4 Re7 33. Qd3+ g6 34. Re2 Qc1+ 35. Kf2 Ba8 36. Qc2 Qxc2 37. Rxc2 Kg8 38. f4 f6 39. exf6 Red7 40. Nc8 Kf7 41. Ne7 Kxf6 42. Nc6 Rc8 1/2-1/2

[Event "Aurora Spring op"]
[White "Cormier, Adam"]
[Black "Song, Michael"]
[Site "Aurora"]
[Round "2.3"]
[Result "0-1"]
[Date "2014.03.08"]
[WhiteElo "2019"]
[BlackElo "2242"]
[PlyCount "64"]
[EventDate "2014.03.08"]
[EventType "swiss"]
[EventRounds "5"]
[EventCountry "CAN"]
[SourceTitle "EXT 2022"]
[Source "ChessBase"]
[SourceDate "2021.10.06"]
[SourceVersion "1"]
[SourceVersionDate "2021.10.06"]
[SourceQuality "1"]

1. d4 Nf6 2. c4 g6 3. Nf3 Bg7 4. Nc3 0-0 5. g3 d5 6. cxd5 Nxd5 7. Bg2 Nb6 8. 0-0 Nc6 9. e3 Re8 10. h3 a5 11. a4 Nb4 12. e4 c6 13. Bf4 Be6 14. Re1 Bc4 15. Re3 Ba6 16. b3 Nd7 17. Rc1 e5 18. dxe5 Nxe5 19. Bxe5 Bxe5 20. Nxe5 Rxe5 21. f4 Rc5 22. Kh2 Nd3 23. Rc2 Qd4 24. Qd2 Rd8 25. e5 Nb4 26. Qxd4 Rxd4 27. Rf2 Nd3 28. Rc2 b5 29. Nxb5 cxb5 30. Rxc5 Nxc5 31. Rc3 bxa4 32. bxa4 Rc4 0-1

[Event "Aurora Spring op"]
[White "Noritsyn, Sergey"]
[Black "Cormier, Adam"]
[Site "Aurora"]
[Round "3.4"]
[Result "1/2-1/2"]
[Date "2014.03.08"]
[WhiteElo "1840"]
[BlackElo "2019"]
[PlyCount "92"]
[EventDate "2014.03.08"]
[EventType "swiss"]
[EventRounds "5"]
[EventCountry "CAN"]
[SourceTitle "EXT 2022"]
[Source "ChessBase"]
[SourceDate "2021.10.06"]
[SourceVersion "1"]
[SourceVersionDate "2021.10.06"]
[SourceQuality "1"]

1. e4 c5 2. Nf3 a6 3. c3 Nf6 4. Bd3 d6 5. Bc2 g6 6. d4 cxd4 7. cxd4 Bg7 8. 0-0 0-0 9. Nc3 Nbd7 10. Qe2 e5 11. dxe5 dxe5 12. Rd1 Qe7 13. Bg5 Qb4 14. Rab1 Re8 15. a3 Qa5 16. Nd5 Nxd5 17. Rxd5 b5 18. Bb3 Nf8 19. Bd2 Qb6 20. Ng5 Ne6 21. Be3 Qb7 22. Rd2 Qe7 23. Nxe6 Bxe6 24. Bxe6 Qxe6 25. Rbd1 Rac8 26. Rd6 Qb3 27. g3 Rc2 28. R1d2 Rxd2 29. Qxd2 Qc4 30. Rd8 Rf8 31. Qd5 Qxd5 32. Rxd5 f5 33. exf5 gxf5 34. Rd6 Rf6 35. Rd8+ Kf7 36. Rd7+ Kg6 37. Re7 Rc6 38. h4 h5 39. b3 Bf6 40. Rb7 f4 41. gxf4 exf4 42. Bxf4 Bxh4 43. Be3 Kf5 44. Rh7 Kg4 45. Kg2 Bf6 46. f3+ Kh4 1/2-1/2

[Event "Aurora Fall op"]
[White "Cheng, Bindi"]
[Black "Cormier, Adam"]
[Site "Aurora"]
[Round "3"]
[Result "1-0"]
[Date "2013.10.19"]
[WhiteElo "2442"]
[BlackElo "2009"]
[PlyCount "61"]
[EventDate "2013.10.19"]
[EventType "swiss"]
[EventRounds "5"]
[EventCountry "CAN"]
[SourceTitle "EXT 2014"]
[Source "ChessBase"]
[SourceDate "2013.11.20"]
[SourceVersion "1"]
[SourceVersionDate "2013.11.20"]
[SourceQuality "1"]

1. Nf3 c5 2. c4 Nf6 3. Nc3 g6 4. d4 cxd4 5. Nxd4 Bg7 6. e4 d6 7. Be2 0-0 8. 0-0 Nc6 9. Be3 Nd7 10. Rb1 a5 11. Ndb5 Nc5 12. f4 b6 13. Bf3 Bb7 14. b3 f5 15. exf5 gxf5 16. Qd2 Rf6 17. a3 Rg6 18. b4 axb4 19. axb4 Na4 20. Ne2 e5 21. Bd5+ Kh8 22. Ng3 Qd7 23. Nh5 Bh6 24. Ra1 exf4 25. Bxf4 Bg7 26. Nxg7 Kxg7 27. Rfe1 Kh8 28. Nc3 Ne5 29. Rxe5 Nxc3 30. Rxa8+ Bxa8 31. Qxc3 1-0

[Event "Kitchener Winter op"]
[White "Derraugh, Geordie"]
[Black "Cormier, Adam"]
[Site "Kitchener "]
[Round "5"]
[Result "0-1"]
[Date "2013.03.10"]
[WhiteElo "2245"]
[BlackElo "2250"]
[PlyCount "80"]
[EventDate "2013.03.09"]
[EventType "swiss"]
[EventRounds "5"]
[EventCountry "CAN"]
[SourceTitle "EXT 2015"]
[Source "ChessBase"]
[SourceDate "2014.11.20"]
[SourceVersion "1"]
[SourceVersionDate "2014.11.20"]
[SourceQuality "1"]

1. e4 c5 2. Nc3 a6 3. f4 g6 4. g3 b5 5. Bg2 Bb7 6. d3 Bg7 7. Nf3 e6 8. 0-0 Ne7 9. Be3 Qc7 10. e5 Nf5 11. Bf2 d5 12. d4 cxd4 13. Nxd4 Nxd4 14. Bxd4 Nc6 15. Ne2 Nxd4 16. Nxd4 0-0 17. c3 Qb6 18. a3 Rac8 19. Qd3 Rc4 20. Bh3 Re8 21. Rae1 a5 22. b3 Rc5 23. b4 axb4 24. axb4 Rc4 25. Rf3 Rec8 26. Qd2 Kh8 27. Ra1 f6 28. Re1 f5 29. Ra1 g5 30. Bf1 Bf8 31. Rd3 Be7 32. Ra5 Bc5 33. Ra3 Be7 34. Kh1 gxf4 35. Qxf4 Rg8 36. Bg2 Bc6 37. Nxe6 d4 38. h3 Rxg3 39. Qxg3 Bxg2+ 40. Qxg2 Qxe6 0-1

[Event "Kitchener Winter op"]
[White "McTavish, Dale"]
[Black "Cormier, Adam"]
[Site "Kitchener "]
[Round "3"]
[Result "0-1"]
[Date "2013.03.09"]
[WhiteElo "2154"]
[BlackElo "2250"]
[PlyCount "77"]
[EventDate "2013.03.09"]
[EventType "swiss"]
[EventRounds "5"]
[EventCountry "CAN"]
[SourceTitle "EXT 2015"]
[Source "ChessBase"]
[SourceDate "2014.11.20"]
[SourceVersion "1"]
[SourceVersionDate "2014.11.20"]
[SourceQuality "1"]

1. d4 d5 2. c4 e6 3. Nc3 c6 4. Nf3 dxc4 5. g3 b5 6. Bg2 Bb7 7. 0-0 Nf6 8. e4 Be7 9. a3 a6 10. Qc2 Nbd7 11. Bf4 Qb6 12. Rad1 0-0 13. Rfe1 Rfe8 14. Bh3 Rad8 15. Ng5 Nf8 16. e5 Nd5 17. Bc1 c5 18. dxc5 Qxc5 19. Nce4 Qc7 20. Nd6 Bxd6 21. exd6 Qxd6 22. Bg2 Qc7 23. b3 Nb6 24. Bf4 Qe7 25. Ne4 cxb3 26. Qxb3 Rxd1 27. Rxd1 Bd5 28. Qb4 Qxb4 29. axb4 Ra8 30. Bc7 Nc4 31. Nc5 Bxg2 32. Kxg2 e5 33. Kf3 Rc8 34. Nxa6 Ne6 35. Ba5 Nd4+ 36. Ke4 f5+ 37. Kd5 Nxa5 38. bxa5 Rd8+ 39. Kc5 0-1

[Event "Guelph Winter Pro-Am"]
[White "Chernik, Dmitry"]
[Black "Cormier, Adam"]
[Site "Guelph"]
[Round "2"]
[Result "1-0"]
[Date "2012.02.11"]
[WhiteElo "2022"]
[BlackElo "2085"]
[PlyCount "61"]
[EventDate "2012.02.10"]
[EventType "swiss"]
[EventRounds "5"]
[EventCountry "CAN"]
[SourceTitle "EXT 2022"]
[Source "ChessBase"]
[SourceDate "2021.10.06"]
[SourceVersion "1"]
[SourceVersionDate "2021.10.06"]
[SourceQuality "1"]

1. e4 c5 2. Nc3 a6 3. f4 g6 4. Nf3 Bg7 5. Be2 Nc6 6. 0-0 h5 7. d3 e6 8. Be3 Nd4 9. e5 Nxe2+ 10. Qxe2 Bf8 11. Ne4 b6 12. Rad1 Bb7 13. Ned2 b5 14. c4 Nh6 15. Ne4 Bxe4 16. dxe4 Ng4 17. Bc1 Qb6 18. h3 Nh6 19. Qe3 d6 20. exd6 Bxd6 21. f5 gxf5 22. Qd2 fxe4 23. Qxh6 exf3 24. Qxh5 bxc4 25. Rxf3 Ra7 26. Qxh8+ Bf8 27. Qh4 Be7 28. Qxc4 Qxb2 29. Qf4 f5 30. Qg3 Qxa2 31. Qb8+ 1-0

[Event "Guelph Fall ProAm"]
[White "Cormier, Adam"]
[Black "Kleinman, Michael"]
[Site "Guelph"]
[Round "1"]
[Result "0-1"]
[Date "2011.11.05"]
[WhiteElo "2076"]
[BlackElo "2376"]
[PlyCount "100"]
[EventDate "2011.11.05"]
[EventType "swiss"]
[EventRounds "5"]
[EventCountry "CAN"]
[SourceTitle "EXT 2022"]
[Source "ChessBase"]
[SourceDate "2021.10.06"]
[SourceVersion "1"]
[SourceVersionDate "2021.10.06"]
[SourceQuality "1"]

1. d4 Nf6 2. c4 g6 3. Nc3 d5 4. Nf3 Bg7 5. Qb3 dxc4 6. Qxc4 0-0 7. e4 Nc6 8. Be2 Nd7 9. Be3 Nb6 10. Qc5 f5 11. Rd1 f4 12. Bc1 e6 13. Bb5 Qd6 14. Bxc6 bxc6 15. Ne2 Qxc5 16. dxc5 Na4 17. e5 Ba6 18. Nxf4 Nxc5 19. Be3 Rxf4 20. Bxf4 Nd3+ 21. Ke2 Bc4 22. b3 Bd5 23. Nd4 a5 24. Kd2 a4 25. Rc1 Bf8 26. Nxc6 axb3 27. axb3 Ra2+ 28. Ke3 Ba3 29. Rc3 Bxg2 30. b4 Bxc6 31. Rxa3 g5 32. Bg3 Rb2 33. Rc3 Bd5 34. Rxc7 Rb3 35. Kd2 h5 36. Rc8+ Kg7 37. Rc7+ Kg6 38. Rc8 h4 39. Rg8+ Kh6 40. Rf8 Rxb4 41. Rf6+ Kg7 42. f4 g4 43. f5 exf5 44. Rxf5 Kg6 45. Rf6+ Kg5 46. Ra6 Bf3 47. Ra2 Re4 48. Rb2 Nxe5 49. Ra2 Kf5 50. Rb2 Re2+ 0-1

[Event "Hamilton Winter op"]
[White "Samsonkin, Artiom"]
[Black "Cormier, Adam"]
[Site "Hamilton"]
[Round "1"]
[Result "1-0"]
[Date "2011.03.26"]
[WhiteElo "2558"]
[BlackElo "2041"]
[PlyCount "59"]
[EventDate "2011.03.26"]
[EventType "swiss"]
[EventRounds "6"]
[EventCountry "CAN"]
[SourceTitle "EXT 2022"]
[Source "ChessBase"]
[SourceDate "2021.10.06"]
[SourceVersion "1"]
[SourceVersionDate "2021.10.06"]
[SourceQuality "1"]

1. e4 c5 2. Nf3 d6 3. d4 cxd4 4. Nxd4 Nf6 5. Nc3 a6 6. Bg5 e6 7. f4 Qb6 8. Qd2 Qxb2 9. Rb1 Qa3 10. f5 Nc6 11. fxe6 fxe6 12. Nxc6 bxc6 13. Be2 Be7 14. Rb3 Qa5 15. 0-0 0-0 16. Nd5 Qxd2 17. Nxe7+ Kf7 18. Bxd2 Kxe7 19. e5 Nd5 20. exd6+ Ke8 21. Bh5+ g6 22. Rxf8+ Kxf8 23. Bf3 Bd7 24. Rb7 Re8 25. c4 Nf6 26. Bc3 Ng8 27. Rc7 Rd8 28. Ba5 Ke8 29. Rxc6 Rb8 30. Rxa6 1-0

[Event "Guelph Winter ProAm"]
[White "Cormier, Adam"]
[Black "Verde, Pino"]
[Site "Guelph"]
[Round "1"]
[Result "1-0"]
[Date "2011.02.05"]
[WhiteElo "1974"]
[BlackElo "1724"]
[PlyCount "61"]
[EventDate "2011.02.05"]
[EventType "swiss"]
[EventRounds "5"]
[EventCountry "CAN"]
[SourceTitle "EXT 2022"]
[Source "ChessBase"]
[SourceDate "2021.10.06"]
[SourceVersion "1"]
[SourceVersionDate "2021.10.06"]
[SourceQuality "1"]

1. d4 Nf6 2. c4 e6 3. Nf3 Be7 4. Nc3 d5 5. e3 c6 6. b3 Nbd7 7. Bb2 Nf8 8. Bd3 a6 9. 0-0 Ng6 10. Rc1 Bd6 11. Qe2 Bd7 12. Rfe1 b5 13. e4 Nf4 14. Qe3 Ng4 15. Qd2 h5 16. Ne2 Qf6 17. e5 Nh3+ 18. gxh3 Qxf3 19. hxg4 Qxg4+ 20. Ng3 h4 21. f3 Qxf3 22. Be2 Bb4 23. Bc3 Bxc3 24. Rxc3 Qxc3 25. Qxc3 hxg3 26. hxg3 0-0-0 27. Kg2 f6 28. Qa5 Rdf8 29. Qxa6+ Kd8 30. Rh1 fxe5 31. dxe5 1-0